| 000 | 00932nam a2200217Ia 4500 | ||
|---|---|---|---|
| 001 | 4747 | ||
| 003 | GE_BSU | ||
| 008 | 181216s||||||||xx |||||||||||||| ||und|| | ||
| 040 | _cGE_BSU | ||
| 080 | _a512.54+512.81 | ||
| 100 | _aБурбаки, Н. | ||
| 245 | _aГруппы и Алгебры ли. Групы кокстера и системы титса. Группы, порожденные отражениями системы корней | ||
| 245 | _cПод. ед. А.И. Кострикина. Пер. с французского А.И. Кострикина, А.И.Тюрина. | ||
| 260 | _aМосква | ||
| 260 | _bМир | ||
| 260 | _c1972 | ||
| 300 | _a334 с. 22 см. | ||
| 653 | _aГруппы и Алгебры ли. | ||
| 653 | _aГрупы кокстера и системы титса. Группы, порожденные отражениями системы корней | ||
| 942 | _cBK | ||
| 999 |
_c38607 _d38607 |
||